[Event "Oslo Nordstrand op"]
[Site "Oslo"]
[Date "2017.04.21"]
[Round "1"]
[White "Gonzales, Francisco Silva"]
[Black "Tryggestad, Andreas Garberg"]
[Result "0-1"]
[WhiteElo "2026"]
[BlackElo "2284"]
[PlyCount "66"]
[EventDate "2017.04.21"]
[EventType "swiss"]
[EventRounds "5"]
[EventCountry "NOR"]
[SourceTitle "CBM 178 Extra"]
[Source "ChessBase"]
[SourceDate "2017.06.22"]
[SourceVersion "1"]
[SourceVersionDate "2017.06.22"]
[SourceQuality "1"]

1. d4 Nf6 2. c4 g6 3. Nc3 d5 4. Bf4 Bg7 5. Nf3 0-0 6. e3 dxc4 7. Bxc4 c5 8. dxc5 Qa5 9. 0-0 Qxc5 10. Bb3 Nc6 11. h3 Bf5 12. Qe2 Ne4 13. Nd5 e5 14. Bh2 Rad8 15. Rac1 Qa5 16. Rxc6 Rxd5 17. Rc4 Qb5 18. Re1 Ng3 19. fxg3 Bd3 20. Qf2 Bxc4 21. e4 Rc5 22. Nd2 Bxb3 23. Nxb3 Rc6 24. Qxa7 Ra6 25. Qc5 Qxc5+ 26. Nxc5 Rxa2 27. Re2 Rd8 28. Kf2 Bf8 29. Nb3 Rd3 30. Nc1 Bc5+ 31. Ke1 Ra1 32. Rc2 Bd4 33. g4 Rb3 0-1

[Event "Oslo Vederhus Memorial op B"]
[Site "Oslo"]
[Date "2013.09.29"]
[Round "1"]
[White "Gonzales, Francisco Silva"]
[Black "Opasiak, Dustin Tennessee"]
[Result "0-1"]
[WhiteElo "2071"]
[BlackElo "1780"]
[PlyCount "106"]
[EventDate "2013.09.29"]
[EventType "swiss"]
[EventRounds "9"]
[EventCountry "NOR"]
[SourceTitle "EXT 2024"]
[Source "ChessBase"]
[SourceDate "2023.10.10"]
[SourceVersion "1"]
[SourceVersionDate "2023.10.10"]
[SourceQuality "1"]

1. d4 Nf6 2. c4 c5 3. d5 b5 4. cxb5 a6 5. b6 g6 6. Nc3 Bg7 7. e4 d6 8. Nf3 Qxb6 9. Be2 0-0 10. Nd2 Nbd7 11. 0-0 a5 12. Bb5 Ba6 13. Nc4 Qc7 14. a4 Bxb5 15. Nxb5 Qd8 16. Re1 Nb6 17. Nxb6 Qxb6 18. Bd2 Ne8 19. Rb1 Nc7 20. Na3 Ra6 21. Nc4 Qa7 22. Bc3 Na8 23. Qc2 Nb6 24. Na3 Rc8 25. b3 Qd7 26. Bxg7 Kxg7 27. Nc4 Kg8 28. f4 Rb8 29. Na3 Qb7 30. Red1 Nd7 31. Nc4 Qb4 32. e5 Nb6 33. exd6 exd6 34. Nxd6 Qxf4 35. Nb5 Nd7 36. Re1 Rab6 37. Re7 Ne5 38. Qe2 Ng4 39. g3 Qg5 40. h4 Qxd5 41. Qxg4 Rf6 42. Qe4 Qd2 43. Qe2 Qd5 44. Qe5 Qf3 45. Qe3 Qf5 46. Nc3 Rb4 47. Re5 Qc2 48. Rc1 Qxb3 49. Nd5 Rf3 50. Re8+ Kg7 51. Qe5+ f6 52. Qc7+ Kh6 53. Ne3 Rxe3 0-1

[Event "Oslo op ELO"]
[Site "Oslo"]
[Date "2011.10.02"]
[Round "3"]
[White "Gonzales, Francisco Silva"]
[Black "Djurhuus, Eivind X"]
[Result "1-0"]
[WhiteElo "1981"]
[BlackElo "1787"]
[PlyCount "87"]
[EventDate "2011.10.02"]
[EventType "swiss"]
[EventRounds "9"]
[EventCountry "NOR"]
[SourceTitle "EXT 2023"]
[Source "ChessBase"]
[SourceDate "2022.10.05"]
[SourceVersion "1"]
[SourceVersionDate "2022.10.05"]
[SourceQuality "1"]

1. d4 Nf6 2. Nf3 e6 3. e3 c5 4. Bd3 d5 5. c3 Nc6 6. 0-0 Bd6 7. b3 0-0 8. Bb2 Qc7 9. Na3 a6 10. c4 cxd4 11. exd4 Bd7 12. c5 Be7 13. Re1 b6 14. Rc1 Rfc8 15. Qd2 b5 16. Nb1 Bf8 17. a3 g6 18. Ne5 Bg7 19. f4 Rf8 20. Qe2 Rae8 21. Nd2 Nh5 22. g3 Re7 23. Ndf3 Rfe8 24. Qd2 f6 25. Nxg6 hxg6 26. Bxg6 Nxg3 27. hxg3 Rc8 28. Qh2 Be8 29. Qh7+ Kf8 30. Kg2 Bxg6 31. Qxg6 Qd8 32. f5 Qe8 33. Qg4 exf5 34. Qxf5 Rcc7 35. Qxd5 Re2+ 36. Kf1 Rce7 37. Rxe2 Rxe2 38. Re1 Rxe1+ 39. Nxe1 Bh6 40. Qh1 Kg7 41. d5 Ne5 42. Qe4 Qf8 43. d6 Nd7 44. Qg4+ 1-0

[Event "Oslo op ELO"]
[Site "Oslo"]
[Date "2011.10.02"]
[Round "5"]
[White "Gonzales, Francisco Silva"]
[Black "Rodsmoen, Maud"]
[Result "1-0"]
[WhiteElo "1981"]
[BlackElo "1817"]
[PlyCount "63"]
[EventDate "2011.10.02"]
[EventType "swiss"]
[EventRounds "9"]
[EventCountry "NOR"]
[SourceTitle "EXT 2023"]
[Source "ChessBase"]
[SourceDate "2022.10.05"]
[SourceVersion "1"]
[SourceVersionDate "2022.10.05"]
[SourceQuality "1"]

1. d4 d5 2. c4 c6 3. Nf3 Nf6 4. Nc3 dxc4 5. e3 b5 6. a4 Bd7 7. Ne5 e6 8. axb5 Nd5 9. Bxc4 Bb4 10. 0-0 0-0 11. bxc6 Bxc6 12. Ne2 Bb7 13. e4 Nb6 14. Bd3 Nc6 15. Nf3 Na5 16. Bg5 f6 17. Be3 Nbc4 18. Bxc4 Nxc4 19. Qb3 Nxe3 20. Qxb4 Nxf1 21. Qxb7 Nxh2 22. Nxh2 Qb6 23. Qe7 Rf7 24. Qa3 Rb7 25. Qh3 Qb3 26. Nc3 Rb6 27. Ra2 Rc6 28. Qh5 Rxc3 29. Rxa7 Rc1+ 30. Nf1 Rac8 31. Qf7+ Kh8 32. Qxg7# 1-0

[Event "Oslo op ELO"]
[Site "Oslo"]
[Date "2011.10.02"]
[Round "8"]
[White "Moseng, Geir"]
[Black "Gonzales, Francisco Silva"]
[Result "1-0"]
[WhiteElo "2073"]
[BlackElo "1981"]
[PlyCount "89"]
[EventDate "2011.10.02"]
[EventType "swiss"]
[EventRounds "9"]
[EventCountry "NOR"]
[SourceTitle "EXT 2023"]
[Source "ChessBase"]
[SourceDate "2022.10.05"]
[SourceVersion "1"]
[SourceVersionDate "2022.10.05"]
[SourceQuality "1"]

1. d4 Nf6 2. c4 c5 3. d5 e6 4. Nc3 exd5 5. cxd5 d6 6. e4 g6 7. Nge2 Bg7 8. Ng3 a6 9. a4 0-0 10. Be2 h5 11. Bg5 Qc7 12. Qd2 Re8 13. 0-0 c4 14. f3 Nbd7 15. Rfc1 Rb8 16. b4 Nh7 17. Be3 h4 18. Nf1 h3 19. g3 Ne5 20. f4 Ng4 21. Bd4 Nhf6 22. Bf3 Qe7 23. Re1 b5 24. axb5 axb5 25. Ra7 Qd8 26. e5 dxe5 27. fxe5 Bh6 28. Qd1 Nxe5 29. Rxe5 Bf5 30. Rxe8+ Qxe8 31. Bxf6 Be3+ 32. Nxe3 Qxe3+ 33. Kh1 Qxa7 34. d6 Re8 35. Nd5 Qf2 36. Ne7+ Kh7 37. Bd4 Qc2 38. Qxc2 Bxc2 39. Kg1 Rd8 40. Bc5 c3 41. Nd5 Bb3 42. Nxc3 f5 43. Nxb5 Be6 44. Nc7 Bd7 45. b5 1-0